000 01334 a2200313 4500
999 _c9479
_d9479
020 _a0702167185
020 _a9780702167188
050 0 0 _aKTL72 STR 2004
100 _aMcQuoid-Mason, David
_egeneral editor
245 0 0 _aStreet law South Africa :
_bpractical law for South Africans /
_cby David McQuoid-Mason, general editor, Lindi Coetzee, technical editor, Isabelle de Grandpr,̌ project manager ; with Lloyd Lotz ... [et al.].
250 _a2nd ed.
264 _aLansdowne :
_bJuta,
_c2004.
300 _axiii, 450 p. :
_bill. ;
500 _a"Street law South Africa learner's manual"--Spine.
500 _aIncludes index and simple legal dictionary.
500 _aFirst edition 1990.
650 0 _aLaw
650 0 _aCriminal law
650 0 _aCriminal justice, Administration of
650 0 _aJuvenile justice, Administration of
650 0 _aConsumer protection
650 0 _aDomestic relations
650 0 _aLabor laws and legislation
700 1 _aMcQuoid-Mason, David Jan.
_egeneral editor
700 1 _aCoetzee, Linda.
_etechnical editor
700 1 _aGrandpr,̌ Isabelle de.
_eproject manager
942 _2lcc
_cBK
_e2nd ed.
_h72
_iSTR
_kKTL